Pokemon with a 4x weakness - Statistics

General Stats
  • This quiz has been taken 169 times
    160 since last reset
  • The average score is 106 of 156
Answer Stats
Hint Answer % Correct
Fire/Flying (Rock) Charizard
94%
Bug/Flying (Rock) Butterfree
92%
Steel/Electric (Ground) Magnemite
91%
Steel/Electric (Ground) Magneton
91%
Fire/Flying (Rock) Moltres
91%
Rock/Ground (Grass & Water) Geodude
90%
Rock/Ground (Grass & Water) Graveler
90%
Ice/Flying (Rock) Articuno
89%
Dragon/Flying (Ice) Dragonite
89%
Rock/Ground (Grass & Water) Golem
89%
Bug/Grass (Fire & Flying) Paras
89%
Bug/Grass (Fire & Flying) Parasect
89%
Ground/Rock (Grass & Water) Rhydon
86%
Ground/Rock (Grass & Water) Rhyhorn
86%
Rock/Water (Grass) Kabuto
85%
Rock/Water (Grass) Kabutops
85%
Steel/Electric (Ground) Magnezone
85%
Water/Flying (Electric) Gyarados
84%
Rock/Water (Grass) Omanyte
84%
Rock/Water (Grass) Omastar
84%
Grass/Ice (Fire) Abomasnow
83%
Rock/Ground (Grass & Water) Onix
83%
Water/Ground (Grass) Swampert
83%
Water/Flying (Electric) Pelipper
82%
Dragon/Flying (Ice) Salamence
82%
Water/Flying (Electric) Wingull
82%
Water/Ground (Grass) Wooper
82%
Bug/Fighting (Flying) Heracross
81%
Water/Ground (Grass) Quagsire
81%
Bug/Steel (Fire) Scizor
81%
Dark/Ice (Fighting) Sneasel
81%
Dark/Ice (Fighting) Weavile
81%
Grass/Psychic (Bug) Exeggutor
80%
Bug/Flying (Rock) Scyther
80%
Grass/Ice (Fire) Snover
80%
Steel/Rock (Fighting & Ground) Aggron
78%
Grass/Psychic (Bug) Exeggcute
78%
Dragon/Ground (Ice) Garchomp
78%
Water/Ground (Grass) Marshtomp
78%
Steel/Rock (Fighting & Ground) Aron
77%
Grass/Flying (Ice) Hoppip
77%
Steel/Rock (Fighting & Ground) Lairon
77%
Bug/Flying (Rock) Beautifly
76%
Poison/Fighting (Psychic) Croagunk
76%
Dragon/Ground (Ice) Gible
76%
Grass/Flying (Ice) Jumpluff
76%
Grass/Dark (Bug) Shiftry
76%
Poison/Fighting (Psychic) Toxicroak
76%
Dragon/Ground (Ice) Gabite
75%
Fire/Rock (Ground & Water) Magcargo
75%
Grass/Flying (Ice) Skiploom
75%
Ground/Flying (Ice) Gliscor
74%
Dark/Dragon (Fairy) Hydreigon
74%
Grass/Dark (Bug) Nuzleaf
74%
Ground/Rock (Water & Grass) Rhyperior
74%
Dark/Steel (Fighting) Bisharp
73%
Psychic/Grass (Bug) Celebi
73%
Dark/Dragon (Fairy) Deino
73%
Ground/Dragon (Ice) Flygon
73%
Bug/Flying (Rock) Ledyba
73%
Fire/Flying (Rock) Talonflame
73%
Dark/Dragon (Fairy) Zweilous
73%
Ground/Flying (Ice) Gligar
72%
Bug/Flying (Rock) Ledian
72%
Fire/Ground (Water) Camerupt
71%
Fire/Flying (Rock) Ho-Oh
71%
Bug/Grass (Flying & Fire) Leavanny
71%
Fire/Ground (Water) Numel
71%
Bug/Grass (Flying & Fire) Sewaddle
71%
Rock/Dark (Fighting) Tyranitar
71%
Fire/Steel (Ground) Heatran
70%
Ground/Dragon (Ice) Vibrava
70%
Bug/Steel (Fire) Forretress
69%
Bug/Fire (Rock) Larvesta
69%
Dragon/Flying (Ice) Rayquaza
69%
Bug/Fire (Rock) Volcarona
69%
Dark/Steel (Fighting) Pawniard
68%
Grass/Ground (Ice) Torterra
68%
Grass/Flying (Ice) Tropius
68%
Water/Ground (Grass) Whiscash
68%
Rock/Steel (Fighting & Ground) Bastiodon
67%
Grass/Fighting (Flying) Breloom
67%
Dark/Fighting (Fairy) Scrafty
67%
Bug/Grass (Flying & Fire) Swadloon
67%
Grass/Fairy (Poison) Whimsicott
67%
Water/Ground (Grass) Barboach
66%
Ice/Flying (Rock) Delibird
66%
Grass/Steel (Fire) Ferrothorn
66%
Fire/Flying (Rock) Fletchinder
66%
Water/Flying (Electric) Mantine
66%
Dark/Fighting (Fairy) Scraggy
66%
Rock/Steel (Fighting & Ground) Shieldon
66%
Water/Flying (Electric) Ducklett
65%
Bug/Steel (Fire) Durant
65%
Grass/Steel (Fire) Ferroseed
65%
Bug/Steel (Fire) Genesect
65%
Water/Flying (Electric) Swanna
65%
Dragon/Flying (Ice) Altaria
63%
Grass/Fairy (Poison) Cottonee
63%
Water/Ground (Grass) Gastrodon
63%
Rock/Ground (Grass & Water) Larvitar
63%
Rock/Ground (Grass & Water) Pupitar
63%
Rock/Water (Grass) Relicanth
63%
Bug/Flying (Rock) Yanmega
63%
Water/Flying (Electric) Mantyke
62%
Bug/Flying (Rock) Mothim
62%
Water/Ground (Grass) Palpitoad
62%
Bug/Flying (Rock) Yanma
62%
Water/Rock (Grass) Carracosta
61%
Dark/Psychic (Bug) Inkay
61%
Dark/Psychic (Bug) Malamar
61%
Water/Ground (Grass) Seismitoad
61%
Grass/Dark (Bug) Cacturne
60%
Bug/Flying (Rock) Masquerain
60%
Rock/Fairy (Steel) Diancie
59%
Water/Rock (Grass) Tirtouga
59%
Grass/Fighting (Flying) Virizion
59%
Dragon/Fighting (Fairy) Kommo-o
58%
Bug/Flying (Rock) Vespiquen
58%
Bug/Grass (Fire & Flying) | Bug/Steel (Fire) Wormadam
58%
Rock/Fairy (Steel) Carbink
57%
Bug/Flying (Rock) Combee
57%
Ground/Flying (Ice) Landorus
57%
Flying/Dragon (Ice) Noibat
57%
Flying/Dragon (Ice) Noivern
57%
Poison/Fire (Ground) Salandit
57%
Poison/Fire (Ground) Salazzle
57%
Rock/Ice (Fighting & Steel) Amaura
56%
Grass/Fighting (Flying) Chesnaught
56%
Water/Rock (Grass) Corsola
56%
Dark/Fighting (Fairy) Pangoro
56%
Psychic/Ghost (Ghost & Dark) Hoopa
55%
Dragon/Ground (Ice) Zygarde
55%
Rock/Ice (Fighting & Steel) Aurorus
54%
Dragon/Fighting (Fairy) Hakamo-o
54%
Grass/Flying (Ice) Dartrix
53%
Grass/Flying (Ice) Rowlet
53%
Bug/Flying (Rock) Vivillon
52%
Bug/Fighting (Flying) Buzzwole
51%
Grass/Steel (Fire) Kartana
51%
Rock/Steel (Fighting & Ground) Probopass
51%
Steel/Electric (Ground) Togedemaru
51%
Rock/Water (Grass) Barbaracle
48%
Rock/Water (Grass) Binacle
48%
Dark/Dragon (Fairy) Guzzlord
48%
Bug/Fighting (Flying) Pheromosa
48%
Psychic/Ghost (Ghost & Dark) Lunala
47%
Bug/Flying (Rock) Ninjask
47%
Rock/Poison (Ground) Nihilego
46%
Grass/Fairy (Poison) Morelull
43%
Grass/Fairy (Poison) Shiinotic
43%
Bug/Steel (Fire) Escavalier
42%
Fire/Flying (Rock) Oricorio
42%
Rock.Steel (Fighting & Ground) Stakataka
41%
Grass/Fairy (Poison) Tapu Bulu
39%
No matching quizzes found
Score Distribution
Percent of People with Each Score
Percentile by Number Answered
Your Score History
You have not taken this quiz since the last reset